000 01364nam a2200349Ia 4500
001 ebr10509287
003 CaPaEBR
006 m u
007 cr cn|||||||||
008 110714s2011 ctua sb 001 0 eng d
010 _z 2011029924
020 _z9780819571618
020 _z9780819571625
020 _z9780819571632
040 _aCaPaEBR
_cCaPaEBR
035 _a(OCoLC)759868715
050 1 4 _aML3917.U6
_bC38 2011eb
082 0 4 _a780.973/09034
_223
100 1 _aCavicchi, Daniel.
245 1 0 _aListening and longing
_h[electronic resource] :
_bmusic lovers in the age of Barnum /
_cDaniel Cavicchi.
260 _aMiddletown, Conn. :
_bWesleyan University Press,
_cc2011.
300 _axiii, 256 p. :
_bill.
490 1 _aMusic/culture
504 _aIncludes bibliographical references and index.
533 _aElectronic reproduction.
_bPalo Alto, Calif. :
_cebrary,
_d2013.
_nAvailable via World Wide Web.
_nAccess may be limited to ebrary affiliated libraries.
600 1 0 _aBarnum, P. T.
_q(Phineas Taylor),
_d1810-1891.
650 0 _aMusic
_xSocial aspects
_zUnited States
_xHistory
_y19th century.
655 7 _aElectronic books.
_2local
710 2 _aebrary, Inc.
830 0 _aMusic/culture.
856 4 0 _uhttp://site.ebrary.com/lib/rucke/Doc?id=10509287
_zAn electronic book accessible through the World Wide Web; click to view
999 _c217052
_d217052